| 000 | 00765cam5a220021700 4500 | ||
|---|---|---|---|
| 001 | tmp15388243 | ||
| 003 | UPRA | ||
| 005 | 20190822110320.0 | ||
| 008 | 950802s1925 gw ger u | ||
| 035 | _a(Sirsi) r50799 | ||
| 035 | _a(UPRA)tmp15388243 | ||
| 040 | _cUPRA | ||
| 100 | 1 |
_aMeyer, Hans, 1858-1929. _dMeyer, Hans, 1858-1929. _6A8648.1 |
|
| 245 | 1 | 0 | _aHochtouren im tropischen Afrika. |
| 260 |
_aLeipzig : _bBrockhuns, _c1925. |
||
| 440 | 0 |
_aReisen und Abenteuer ; _v25 _6S2565.1 |
|
| 651 | 0 |
_aAfrica, East -- Description and travel. _xAfrica, East -- Description and travel. _6S5730.1 |
|
| 651 | 0 |
_aTenerife -- Description and travel. _xTenerife -- Description and travel. _6S5731.1 |
|
| 949 |
_aDT440 _wlcc _i-64358 _mMAIN _tBOOK _lON-SHELF |
||
| 004 | 50799 | ||
| 999 |
_c131988 _d131988 |
||